00265nam a22001217a 4500003000400000020002200004082001600026100002400042245003500066250000800101260002600109300000800135SGT a978-93-84007-62-1 a612.3bN15M aMITCHELL, MARY KAY  aNUTRITION ACROSS THE LIFE SPAN a2ND aINDIA bMEDTECHc2015 a608